000
00316nam a2200121Ia 4500
008
220204s9999 xx 000 0 und d
082
_a
802.0:37
_b
GRU
100
_a
Grubber, E C
245
0
_a
Test of English as a foreign language
260
_a
New York
_b
Monarch Press
_c
1982
700
_a
Grubber, G R
942
_c
BK
999
_c
37864
_d
37864